LEADER 01419cam0-2200469---450- 001 990000086460203316 005 20051128182547.0 035 $a0008646 035 $aUSA010008646 035 $a(ALEPH)000008646USA01 035 $a0008646 100 $a20000914d1996----|||y0itay0103----ba 101 0 $aita 102 $aIT 105 $aa---||||001yy 200 1 $a<> polverificio borbonico di Scafati$ee la rettifica del basso corso del Sarno$fAngelo Pesce 210 $aScafati$cGiglio$d1996 215 $a255 p.$cill.$d34 cm 300 $aSeguono : Appendici 610 $aScavi archeologici Scafati 676 $a937.7 700 1$aPESCE,$bAngelo$0450747 801 $aIT$bSALBC$gISBD 912 $a990000086460203316 951 $aXV.1.A. 971(V G 1001)$b142813 L.M.$cV G$d00000324 959 $aBK 979 $c20000914$lUSA01$h1739 979 $c20001019$lUSA01$h1056 979 $c20001019$lUSA01$h1454 979 $c20001019$lUSA01$h1501 979 $c20001019$lUSA01$h1539 979 $c20001024$lUSA01$h1515 979 $c20001027$lUSA01$h1519 979 $c20001027$lUSA01$h1523 979 $c20001110$lUSA01$h1710 979 $c20001124$lUSA01$h1208 979 $c20020403$lUSA01$h1616 979 $aPATRY$b90$c20040406$lUSA01$h1607 979 $aCOPAT6$b90$c20051128$lUSA01$h1825 996 $aPolverificio borbonico di Scafati$9963935 997 $aUNISA bas $auma LEADER 01047nam a2200265 i 4500 001 991000410289707536 005 20020503180250.0 008 980217s1997 it eng 035 $ab10073607-39ule_inst 035 $aLE02515504$9ExL 040 $aFac. Economia$bita 082 0 $a332.1 245 10$aBanking competition and risk management /$cedited by Gabriella Chiesa 260 $aRoma :$bBancaria,$c1997 300 $a269 p. ;$c24 cm 490 0 $aQuaderni di ricerche ;$v20 650 4$aBanche$xEconomia 700 1 $aChiesa, Gabriella 907 $a.b10073607$b28-02-18$c27-06-02 912 $a991000410289707536 945 $aLE025 ECO 332.1 CHI02.01$g1$i2025000038080$lle025$nCatalogato 2018$o-$pE0.00$q-$rl$s- $t0$u3$v2$w3$x0$y.i1008308x$z27-06-02 945 $aLE025 ECO 332.1 CHI02.01$g2$i2025000039049$lle025$nCatalogato 2018$o-$pE0.00$q-$rl$s- $t0$u1$v0$w1$x0$y.i10083091$z27-06-02 996 $aBanking competition and risk management$9498688 997 $aUNISALENTO 998 $ale025$b01-01-98$cm$da $e-$feng$git $h0$i2